000 00362nam a2200169Ia 4500
100 _aMunasinghe/Rohan
650 _aControl Systems
942 _cBK
366 _f25
654 _acontrol systems
245 _aClassical control systems
260 _bNarosa Publication House
_c2012
082 _bMUN
300 _a180
546 _aENGLISH
999 _c22944
_d22944